La economía de guerra ante la Gran Depresión del siglo XXI: keynesianismo militar y complejo industrial militar, Cap. III

Guardado en:
书目详细资料
格式: 图书
语言:Spanish
标签: 添加标签
没有标签, 成为第一个标记此记录!

MARC

LEADER 00000nam a22000007a 4500
003 cru CIDCACS/IIS
005 20200925161117.0
006 a|||||r|||| 00| 0
008 161005b2010 cr ||||| |||| 00| 0 spa d
040 |c CRAI/IIS  |a CRAI/IIS 
245 |a La economía de guerra ante la Gran Depresión del siglo XXI:  |b keynesianismo militar y complejo industrial militar, Cap. III 
300 |a páginas 57-72 
773 0 |0 18567  |9 26  |a Dierckxsens, Wim  |d San José, Costa Rica Departamento Ecuménico de Investigación 2010  |o 17012  |t Siglo XXI  |z 9789969989213 
942 |2 ddc  |c LI 
999 |c 18571  |d 18571